书目信息 |
| 题名: |
国际图书馆协会联合会第58、59届大会论文选译
|
|
| 作者: | ;国际图书馆协会联合会 , 国际图书馆协会联合会 , 96北京国际图联大会中国组委会秘书处 | |
| 分册: | ||
| 出版信息: | 北京 书目文献出版社 1996 |
|
| 页数: | 320页 | |
| 开本: | 26cm | |
| 丛书名: | ||
| 单 册: | ||
| 中图分类: | G259.1-53 | |
| 科图分类: | ||
| 主题词: | 图书馆工作--国际会议--文集 | |
| 电子资源: | ||
| ISBN: | 7-5013-1260-5 | |
| 000 | 01069nam0 2200241 45 | |
| 001 | 0196036312 | |
| 005 | 20061027111355.51 | |
| 010 | @a7-5013-1260-5@dCNY31.50 | |
| 100 | @a19960808d1996 kemy0chiy0121 ea | |
| 101 | 1 | @achi@cmul |
| 102 | @aCN@b110000 | |
| 105 | @ay z 100yy | |
| 200 | 10 | @a国际图书馆协会联合会第58、59届大会论文选译@AGUO JI TU SHU GUAN XIE HUI LIAN HE HUI DI 58、59 JIE DA HUI LUN WEN XUAN YI@f'96北京国际图联大会中国组委会秘书处编@F'96 BEI JING GUO JI TU LIAN DA HUI ZHONG GUO ZU WEI HUI MI SHU CHU BIAN |
| 210 | @a北京@c书目文献出版社@d1996 | |
| 215 | @a320页@d26cm | |
| 540 | 1 | @a国际图联@AGUO JI TU LIAN |
| 606 | @a图书馆工作@x国际会议@x文集 | |
| 690 | @aG259.1-53@v3 | |
| 711 | 12 | @a国际图书馆协会联合会@AGUO JI TU SHU GUAN XIE HUI LIAN HE HUI@d58@f1992@e新德里 |
| 711 | 12 | @a国际图书馆协会联合会@AGUO JI TU SHU GUAN XIE HUI LIAN HE HUI@d59@f1993@e巴塞罗那 |
| 711 | 02 | @a96北京国际图联大会中国组委会秘书处@A96 BEI JING GUO JI TU LIAN DA HUI ZHONG GUO ZU WEI HUI MI SHU CHU@4编 |
| 801 | 0 | @aCN@bTSSF@c20061027 |
| 905 | @a10447@dG259.1-53@e11:3 | |
| 国际图书馆协会联合会第58、59届大会论文选译/'96北京国际图联大会中国组委会秘书处编.-北京:书目文献出版社,1996 |
| 320页;26cm |
| ISBN 7-5013-1260-5:CNY31.50 |
| ● |
| 相关链接 |
|
|
|
|
正题名:国际图书馆协会联合会第58、59届大会论文选译
索取号:G259.1-53/11:3
 
预约/预借
| 序号 | 登录号 | 条形码 | 馆藏地/架位号 | 状态 | 备注 |
| 1 | 0272325 | 000215216 | 第一样本阅览室/ [索取号:G259.1-53/11:3] | 在馆 | |
| 2 | 0272326 | 000214805 | 密集书库/ [索取号:G259.1-53/11:3] | 在馆 |